| Virtuální polytechnická knihovna - Souborný katalog - Úplný záznam dokumentu - MARC |
Uživatel: --- |
-----nas 22-----zu 4500
001 SKVPK0031854
003 CZ-VPK
005 20260422115032.0
008 260422d19571975||||| | ||| || |||||||
022 $a0029-8697
040 $aABA013$bcze
222 0$aÖlhydraulik und Pneumatik : unabhängige Zeitschrift für Kraftübertragung
, Regelung und Steuerung
245 00$aÖlhydraulik und Pneumatik : unabhängige Zeitschrift für Kraftübertragung
, Regelung und Steuerung
260 $aNěmecko :$bWiesbaden : Krausskopf /1966-1975Mainz : Krausskopf Verlag fü
r Wirtschaft,$c1957-1975
650 07$astrojírenství$xsr$2psh
785 00$tO- + -P-Report$x0343-2076
785 00$tO + P. Ölhydraulik und Pneumatik$x0341-2660
910 $aABA013$r1957-1975
| středa 13.05.2026 21:45:49 |
© 2001-2015 Národní technická knihovna |
[Virtuální polytechnická knihovna]
[Servisní centrum]
[Souborný katalog]